000 00488nam a2200217 454500
001 062063
003 BD-ChCU
008 Eng
020 _ax
040 _aDLC
_cDLC
_dBD-ChCU
082 0 0 _a531.36/BHD
100 1 _aBhattacharjee, P.K.
_bx
245 1 0 _aDynamics of a particle, B.A. & B.Sc(pass & subsidiary)
_bx
250 _ax
260 _aSylhet
_bA. Rashid
_c1966
300 _a176
504 _ax
650 0 _aDynamics
_bDynamics
700 1 _ax
942 _2ddc
_cBK
999 _c62063
_d62063